| 000 | 00751nam a2200229 a 4500 | ||
|---|---|---|---|
| 001 | 000025312 | ||
| 005 | 20200930023712.0 | ||
| 008 | 110214s1966 sp 001 f spa d | ||
| 040 |
_aDO-SdBNP _bspa _cBNPHU |
||
| 082 |
_a863.5 _bP226sa |
||
| 100 | 1 |
_aPardo Bazán, Emilia, _ccondesa de, _d1852-1921 _93459 |
|
| 245 | 1 | 3 |
_aEl saludo de las brujas / _cEmilia Pardo Bazán. |
| 260 |
_aMadrid : _bEspasa-Calpe, _c1966. |
||
| 300 |
_a213, [18] p. ; _c18 cm. |
||
| 490 | 1 |
_aAustral. Azul : novelas y cuentos en general _v1368 |
|
| 500 | _aIncluye índice de autores | ||
| 650 | 4 |
_aNovela española _91123 |
|
| 650 | 4 |
_aLiteratura española _9632 |
|
| 830 | 0 |
_aAustral. Azul : novelas y cuentos en general ; _v1368 _922386 |
|
| 910 | _aWM | ||
| 049 | _aBNGR | ||
| 999 |
_c24805 _d24805 |
||